| 000 | 01140nam2a2200265 4500 | ||
|---|---|---|---|
| 001 | RU\NLR\bibl\850407 | ||
| 005 | 20250614151814.0 | ||
| 010 |
_a5-225-04832-3 _92000 |
||
| 021 |
_aRU _b2005-23679 _91202 |
||
| 035 | _a(NLR Aleph) 000839158 | ||
| 090 |
_a1409388 _c1409388 |
||
| 100 | _a20051008d2005 |||y0rusy50 ca | ||
| 101 | 0 | _arus | |
| 102 | _aRU | ||
| 105 | _ay ||||||||| | ||
| 200 | 0 | _aЧ. 2 | |
| 210 |
_d2005 _aБ. м. |
||
| 215 | _a526,[1] с. | ||
| 320 | _aБиблиогр. в тексте | ||
| 461 | 0 |
_1001RU\NLR\bibl\869956 _12001#$aРуководство по частной патологии человека$vЧ. 2 _91525391 _cМосква _d2005 _f[Н. К. Хитров, чл.-кор. РАМН, проф. и др.] _nМедицина _oв двух частях : учебное пособие для системы послевузовского профессионального образования врачей _tРуководство по частной патологии человека _vЧ. 2 |
|
| 801 | 0 |
_aRU _bNLR _c20051008 _grcr |
|
| 801 | 1 |
_aRU _bNLR _c20051008 |
|
| 942 | _cBOOK | ||
| 980 | _aNB | ||